000 00722nas1a22002171i 4500
001 RU\NLR\Per\846662
005 20241101191925.0
035 _a(NLR Aleph) 003089997
090 _a2478823
_c2478823
100 _a20120326a20109999|||y0rusy50 ca
101 0 _arus
102 _aRU
110 _azu|||||||||
200 1 _aНевский альманах. Спецвыпуск
_eприложение к журналу "Невский альманах"
210 _a[Санкт-Петербург
_cб. и.]
_d2010 -
606 _aДетская книга
_jПериодические издания
_9951887
_3RU\NLR\AUTH\66354048
686 3 _aШ8я5
852 _aNLR
_jП29/1699
942 _cSE
980 _aRUSPER